| 000 | 00570nam a22001932 4500 | ||
|---|---|---|---|
| 001 | 0000006343 | ||
| 005 | 20151217152016.0 | ||
| 008 | 071022s xx 000 0 eng d | ||
| 020 |
_a1405121432 : _cKES 4750 |
||
| 040 |
_aKABU _cKABU |
||
| 100 | 1 |
_aYounger, Paul L. _@0000157800 |
|
| 245 | 1 | 0 |
_aGrondwater in the environment : _ban introduction / _cPaul L. Younger. |
| 260 |
_aOxford : _bBlackwell, _c2007. |
||
| 300 | _axii, 318 p. | ||
| 650 | 0 |
_aGroundwater. _@0000157801 |
|
| 908 | _a071022 | ||
| 950 | _@1 | ||
| 999 |
_c7279 _d7279 |
||